Normal view
MARC view
Entry Personal Name
001 - CONTROL NUMBER
- control field: 83291
003 - CONTROL NUMBER IDENTIFIER
- control field: dpl
005 - DATE AND TIME OF LATEST TRANSACTION
- control field: 20250724143118.0
008 - FIXED-LENGTH DATA ELEMENTS
- fixed length control field: 250724|| aca||aabn | a|a d
040 ## - CATALOGING SOURCE
- Original cataloging agency: dpl
- Transcribing agency: dpl
100 ## - HEADING--PERSONAL NAME
- Personal name: Beck, Brenda E.F
670 ## - SOURCE DATA FOUND
- Source citation: Work cat.: (dpl)212571: Beck, Brenda E.F., Hidden Paradigms/, 2025
